| 000 | 00000nam##2200000za#4500 |
| 001 | 9.649031 |
| 003 | CaOODSP |
| 005 | 20210615113448 |
| 007 | ta |
| 008 | 150407|2003||||xxc||||| f|0| 0 eng|d |
| 020 | |a0-660-19105-9 |
| 040 | |aCaOODSP|beng |
| 043 | |an-cn--- |
| 086 | 1 |aF2-144/2003E |
| 110 | 1 |aCanada. |bDepartment of Finance. |
| 245 | 10|aLegislative proposals relating to the Income Tax Act : |btaxation of non-resident trusts and foreign investment entities / |cPublished by ... Minister of Finance. |
| 260 | |aOttawa - Ontario : |bFinance Canada |c2003. |
| 300 | |a154p. ; |c23 cm. |
| 520 | 3 |aThis book sets out proposed amendments to the Income Tax Act and a related act that will affect the taxation of non-resident trusts and foreign investment entities. |
| 563 | |aSoftcover |
| 590 | |a03-46|b2003-11-14 |
| 690 | 07|aFederal taxes|2gcpds |
| 775 | 08|tPropositions législatives concernant la Loi de l'impôt sur le revenu : |w(CaOODSP)9.682272 |
| 776 | 0#|tLegislative proposals relating to the Income Tax Act : |w(CaOODSP)9.698621 |